MDQL
is popping MORE tags! Check the
thread
!
Quizzes
Events
Quiz Creation
Community
Videos
Private Events
Remove Ads
Sign In
Join for FREE
Feedback
Dark Mode
Quiz Categories
Sports
Geography
Music
Movies
Television
Just For Fun
Miscellaneous
History
Literature
Language
Science
Gaming
Entertainment
Religion
Holiday
For Kids
Quiz Lab
Recent
Popular Today
Quiz Kudos Today
Editor Picks
Curator Picks
Quizzes by...
Day
Popularity
Type
Ratings
Length
Year
Community
Subscriptions
Recent Discussions
Orange Saloon
Badges
Playlists
Quests
Create
Leaderboards
Showdown
Live 5
Trivia Bingo
Activity
Puzzle Library
Sporcle Events
Private Events
Virtual Trivia
Globe League
Become a Host
Pub Owners
SporcleCon
Opinionation
Our Games
Videos
Blog
Mobile Apps
Partnerships
Remove Ads and Go Orange
Feedback
Literature
Harry Potter
A Song of Ice and Fire
The Hunger Games
Literary Character
Shakespeare
Book
Author
Novel
Poem
Young Adult
Children's Books
Play
Lord of the Rings
Literature
Harry Potter
A Song of Ice and Fire
The Hunger Games
Literary Character
Shakespeare
Book
Author
Novel
Poem
Young Adult
Children's Books
Play
Lord of the Rings
Random Quiz
Search Sporcle
×
Curator Pick
Curator Pick
Literature
Harry Potter
Type in answers that appear in a list
Type in answers that appear in a list
Classic
Best Score? Go Orange.
Do you speak Potter? Stats
Can you name the correct definition for these J.K. Rowling neologisms?
By
Hejman
5m
22 Questions
29.4K Plays
29,404 Plays
29,404 Plays
Comments
Comments
Give Quiz Kudos
Give Quiz Kudos
-
- Ratings
hide this ad
More Info
Forced Order
Answers have to be entered in order
Answers have to be entered in order
Random Order
Randomize order of answers
Randomize order of answers
Replay
Link that replays current quiz
Next Quiz
Link to next quiz in quiz playlist
You Got
0%
They Got
Avg Score
65%
Avg Friend Score
Upgrade to see
Score Distribution
Jump to the score distribution portion of the page
Score
0/22
Timer
05:00
1
Play Today
Definition
Neologism
% Correct
Non-
magical person
Muggle
92.1%
Sport played on broomsticks
Quidditch
91.5%
Magician born of non-
magical parents (slang)
Mudblood
87.2%
Creature that feeds on human emotions
Dementor
86.5%
Wizard who can transform into an animal
Animagus
86.1%
A receptacle for a portion of the soul
Horcrux
85.4%
Scoring ball used in wizard sport
Quaffle
84.8%
The language of snakes
Parseltongue
83.5%
To immediately transport from one place to another
Apparate
82.9%
Dark wizard catcher
Auror
81.1%
A stone basin used to view memories
Pensieve
76.2%
Definition
Neologism
% Correct
Incantation used to open locked doors
Alohomora
73%
Black, winged, dragon-
like horse
Thestral
71%
To injure onself while apparating
Splinch
67.1%
A species of giant spider; ex: Aragog
Acromantula
56.5%
The Chief wizarding jury
Wizengamot
55%
Magical creature that digs for treasure
Niffler
51.2%
A magical method of mind reading
Legilimency
39.3%
Small, long-
fingered, tree-
dwelling creature
Bowtruckle
34.2%
Mythical horned creature, invented by X. Lovegood
Snorkack
26.8%
Leader of a tribe of giants
Gurg
17.8%
An unquenchable magic fire
Gubraithian
6.6%
Quiz Playlist
Details
Report
Send in Message
Add To Playlist
More Info:
A neologism is a newly coined word. Rowling coined dozens of new words (or combinations of old words into new words) in the Harry Potter series.
Classic:
Type in answers that appear in a list
Forced Order:
Answers have to be entered in order
Random Order:
Randomize order of answers
Quiz Source
Last Updated: Sep 1, 2017
Curator Pick in
Harry Potter
Quiz Scoreboard
CHALLENGE
Sign Up to Join the Scoreboard
Show All
Scores
Hide
Comments
May contain spoilers
Recently Published
Two Season TV Shows II
by 123Four
Television
10m
Image Sorting: Flags VI
by Barbecue
Geography
2m
Find the 'City' Movie
by crazypaving
Movies
60s
More to Explore
Quiz From the Vault
Featured Blog Post
14 Easter Pick-up Lines to Find Eggs With
hide this ad
You Might Also Like...
Tags
Harry Potter Quiz
Today's Top Quizzes in Literature
Browse Literature
hide this ad
Today's Top Quizzes in Harry Potter
Browse Harry Potter
Top Contributed Quizzes in Literature
1
Sneaky Slytherin Logic Puzzle
2
Criteria Quiz: Harry Potter Deaths
3
Harry Potter logic puzzle: The Hogwarts Soap Opera
4
Weasley Family Reunion: Logic Puzzle
5
Get The Picture: Black or White Literature
6
'Middle' Earth
7
Harry Potter Slytherin Logic Puzzle
8
Logic Puzzle: Avoid Dumbledore's Army
9
ASOIAF Siblings Logic Puzzle
10
The Men of ASOIAF - Logic Puzzle (Hard)
Explore More
Trending Topics
Crossword
Marvel
Kpop
Anime
Harry Potter
Disney
NBA
NFL
The Office
Pokémon
Song
Puzzle
Soccer
WWE
Country
hide this ad
More By:
Hejman
Quiz
Plays
Rating
Category
Featured
Created
College Sports Logos
565,673
4.30
Sports
Jan 2, 2010
Bible or Quran?
556,659
4.35
Religion
Sep 13, 2011
Un-evolved Logos
492,346
4.29
Miscellaneous
Oct 25, 2010
Harry Potter Family Tree
491,453
3.83
Literature
May 16, 2011
History by Bobblehead
446,080
4.00
History
Apr 23, 2010
Go to Creator's Profile
Score Distribution
Quiz Creator Spotlight
Hejman
Follow
Send a Message
Quizzes Created
-
Created Quiz Play Count
-
More By This Creator
Popular Quizzes Today
1
Find the US States - No Outlines Minefield
2
Colored Red Africa Blitz
3
Find the 'City' Movie
4
5x2 Blitz: Bands
5
The Countries of the World
6
Find the Countries of Europe - No Outlines Minefield
7
Find the US States
8
US States
More Literature Quizzes
Anyone but Aberforth Dumbledore
Quiz Lab
Trending Quizzes
Colored Red Europe Blitz I
Colored Red Africa Blitz II
Colored Red Europe Blitz II
Colored Red Africa Blitz III
Colored Red Europe Blitz III
Recently Updated
How Do You Spell That?
pecheneg
Godzilla Movies
pecheneg
Grab Bag: 4-10 Letters
pecheneg
2024 March Madness Bracket
pecheneg
Famous TV Couples
Peacemaker
Champions League XIs: Real Madrid
pecheneg
Largest US Cities 1790-2010
pecheneg
Rides in Walt Disney World
pecheneg
Most Oscar Losses (Acting)
pecheneg
Beyoncé Albums
pecheneg
Trending Topics
NBA
Harry Potter
Disney
Marvel
Anime
Kpop
Crossword
Country
The Office
Soccer
Puzzle
NFL
Song
Pokémon
WWE
Your Account Isn't Verified!
In order to create a playlist on Sporcle, you need to verify the email address you used during registration. Go to your
Sporcle Settings
to finish the process.
Report this User
Report this user for behavior that violates our
Community Guidelines
.
Details:
Send Report
Go to the Sporcle.com Mobile Site →
Comments